Juicio ejecutivo y procedimientos ejecutivos civiles. Ejecución internacional y comparada, incidental, obligaciones de dar, hacer y no hacer, tercerías y abandono del procedimiento y factura.
Saved in:
| Hovedforfatter: | |
|---|---|
| Andre forfattere: | |
| Format: | Ukendt |
| Sprog: | engelsk |
| Udgivet: |
Santiago, Chile
Hammurabi
2020
|
| Udgivelse: | 1a. Edición |
| Fag: | |
| Tags: |
Tilføj Tag
Ingen Tags, Vær først til at tagge denne postø!
|
MARC
| LEADER | 00000 a2200000 4500 | ||
|---|---|---|---|
| 003 | CL-VaPUC | ||
| 005 | 20240801155836.0 | ||
| 008 | 201229b ||||| |||| 00| 0 eng d | ||
| 999 | |c 432401 |d 432399 | ||
| 020 | |a 9789566072065 | ||
| 040 | |c Pontificia Universidad Católica de Valparaíso | ||
| 082 | 0 | 4 | |a 347.8307 PEÑ 2020 |
| 100 | 1 | |a Peña Neira, Sergio |9 859061 |e autor | |
| 245 | |a Juicio ejecutivo y procedimientos ejecutivos civiles. |b Ejecución internacional y comparada, incidental, obligaciones de dar, hacer y no hacer, tercerías y abandono del procedimiento y factura. | ||
| 250 | |a 1a. Edición | ||
| 260 | |a Santiago, Chile |b Hammurabi |c 2020 | ||
| 300 | |a 220 páginas | ||
| 583 | |k Hugo Gaete |c 20201229 | ||
| 650 | 1 | 0 | |a Juicio ejecutivo |x Procedimiento civil |z Chile |9 254866 |
| 650 | 1 | 0 | |a Derecho procesal civil |x Derecho constitucional |z Chile |9 258071 |
| 700 | 1 | |a Ruíz Zamora, Leonardo |9 859099 |e autor | |
| 852 | |a BIBCUR | ||
| 942 | |2 ddc |c BK | ||
| 952 | |0 0 |1 0 |2 ddc |4 0 |6 347_830700000000000_PEÑ_2020 |7 0 |8 A |9 577315 |a BIBDER |b BIBDER |d 2020-12-29 |e 22 |g 25500.00 |i 5580722 |l 7 |m 4 |o 347.8307 PEÑ 2020 |p 5580722 |r 2025-04-28 |s 2025-04-24 |t 1 |v 25500.00 |w 2020-12-29 |y BK |k DER | ||